00884cam a2200241 a 450000100100000000500170001000800410002702000150006804000290008308200150011210000340012724500780016125000110023926000320025030000210028249000580030365000430036183000650040491000280046904900090049795201190050699900170062500001181320200929162557.0771006s1979 sp b 000 0 spa  a8437600979 aDO-SdBNPbspacLCdBNPHU a465bR621e1 aRivero, María Luisa.92796910aEstudios de gramática generativa del español /cMaría Luisa Rivero. a2a ed. aMadrid :bCátedra,c1979. a161 p. ;c22 cm.1 aGramática Generativa Transformacional del Español 0aEspañolxGramatica generativa927970 0aGramática Generativa Transformacional del Español927971 aCatalogación derivada aBNGR 001052708MOaGRbGRcCTd2009-10-27iLF1l0o465 R621ep11813-10r2020-06-25w2020-06-25y2ZPréstamo interno c11487d11487